000 00669nam a2200265 a 4500
003 AR-BaBNM
005 20251128203111.0
008 082120s2002 ||||||||||||||000 | spa||
040 _cAR-BaBNM
100 1 _aRama, Carlos M.
245 0 0 _aLa crisis española del siglo XX
250 _a2ª ed.
260 _aMéxico, D.F.
_bFondo de Cultura Económica
_c1962
300 _a384 p.
650 4 _aCIENCIAS POLITICAS
650 4 _aNACIONALISMO
650 4 _aDOCTRINAS POLITICAS
650 4 _aDOCTRINAS POLITICAS
650 4 _aHISTORIA MILITAR
650 4 _aHISTORIA SOCIAL
650 4 _aREVOLUCION
651 4 _aEspaña
942 _cBK
998 _cmariana
999 _c1891
_d1891